000 00343 a2200169 4500
001 189044
020 _a
040 _cMagnum
100 _aSabino, Fernando
240 1 0 _aZélia, uma paixão
_lpor
245 1 0 _aZélia, uma paixão
300 _a267
362 0 _a1991
440 1 _aRecord
697 _aLITERATURA GERAL
942 _cBK
999 _c189044
_d189044